<?xml version="1.0" encoding="UTF-8"?>
<record
    xmlns:xsi="http://www.w3.org/2001/XMLSchema-instance"
    xsi:schemaLocation="http://www.loc.gov/MARC21/slim http://www.loc.gov/standards/marcxml/schema/MARC21slim.xsd"
    xmlns="http://www.loc.gov/MARC21/slim">

  <leader>02189nam a22002777a 4500</leader>
  <controlfield tag="003">OSt</controlfield>
  <controlfield tag="005">20260223123602.0</controlfield>
  <controlfield tag="008">250910b        |||||||| |||| 00| 0 eng d</controlfield>
  <datafield tag="022" ind1=" " ind2=" ">
    <subfield code="a">1758-6690</subfield>
  </datafield>
  <datafield tag="040" ind1=" " ind2=" ">
    <subfield code="b">English</subfield>
    <subfield code="c">tbs</subfield>
  </datafield>
  <datafield tag="041" ind1=" " ind2=" ">
    <subfield code="a">English</subfield>
  </datafield>
  <datafield tag="245" ind1=" " ind2=" ">
    <subfield code="a">The Burberry business model: creating an international luxury fashion brand</subfield>
    <subfield code="c">/ Christopher M. Moore; Grete Birtwistle</subfield>
  </datafield>
  <datafield tag="246" ind1=" " ind2=" ">
    <subfield code="a">International Journal of Retail &amp; Distribution Management (2004) 32 (8): 412&#x2013;422.</subfield>
  </datafield>
  <datafield tag="260" ind1=" " ind2=" ">
    <subfield code="b">International Journal of Retail &amp; Distribution Management</subfield>
    <subfield code="c">2004</subfield>
  </datafield>
  <datafield tag="362" ind1=" " ind2=" ">
    <subfield code="a">International Journal of Retail &amp; Distribution Management (2004) 32 (8): 412&#x2013;422.</subfield>
  </datafield>
  <datafield tag="520" ind1=" " ind2=" ">
    <subfield code="a">The performance of the British fashion brand Burberry has been determined largely by the adoption of business models which, on occasion, have been detrimental to the company's performance. For the financial year ending 31 March 1998, Burberry saw its annual profits drop from &#xA3;62m to &#xA3;25m, leading financial analysts to describe it as &#x201C;an outdated business with a fashion cachet of almost zero&#x201D;. However, from 1997, at the instigation of a newly appointed chief executive, Rose Marie Bravo, Burberry has radically re&#x2010;aligned its business model and has enjoyed, as a result, significant improvements in its business performance. Drawing from extensive documentation that was published by Burberry in support of their initial public offering (IPO), this paper will provide a review of the history of Burberry; evaluate Burberry's re&#x2010;positioning strategy as defined by the firm in their IPO prospectus; and critically delineate Burberry's current business model.</subfield>
  </datafield>
  <datafield tag="630" ind1=" " ind2="0">
    <subfield code="a">&#x200B;&#x200B;MSc Fashion &amp; Luxury Marketing - Branding in the Fashion &amp; Luxury industry&#x200B; </subfield>
    <subfield code="9">26041</subfield>
  </datafield>
  <datafield tag="630" ind1=" " ind2="0">
    <subfield code="a">&#x200B;&#x200B;MSc Fashion &amp; Luxury Marketing - Understanding Fashion &amp; Luxury Markets and customers&#x200B; </subfield>
    <subfield code="9">26039</subfield>
  </datafield>
  <datafield tag="650" ind1=" " ind2="0">
    <subfield code="a">Fashion</subfield>
    <subfield code="9">1004</subfield>
  </datafield>
  <datafield tag="653" ind1=" " ind2=" ">
    <subfield code="a">Premier brands</subfield>
  </datafield>
  <datafield tag="653" ind1=" " ind2=" ">
    <subfield code="a">Brand management</subfield>
  </datafield>
  <datafield tag="700" ind1=" " ind2=" ">
    <subfield code="a">Birtwistle, Grete</subfield>
    <subfield code="9">25856</subfield>
  </datafield>
  <datafield tag="700" ind1=" " ind2=" ">
    <subfield code="a">Moore, Christopher M. </subfield>
    <subfield code="9">25857</subfield>
  </datafield>
  <datafield tag="856" ind1=" " ind2=" ">
    <subfield code="u">https://www-emerald-com.hub.tbs-education.fr/ijrdm/article/32/8/412/241157/The-Burberry-business-model-creating-an</subfield>
  </datafield>
  <datafield tag="942" ind1=" " ind2=" ">
    <subfield code="2">lcc</subfield>
  </datafield>
  <datafield tag="952" ind1=" " ind2=" ">
    <subfield code="0">0</subfield>
    <subfield code="1">0</subfield>
    <subfield code="2">lcc</subfield>
    <subfield code="4">0</subfield>
    <subfield code="7">0</subfield>
    <subfield code="a">TBS</subfield>
    <subfield code="b">TBS</subfield>
    <subfield code="d">2025-09-10</subfield>
    <subfield code="l">0</subfield>
    <subfield code="o">JOURNAL ARTICLE</subfield>
    <subfield code="p">4931</subfield>
    <subfield code="r">2025-09-10</subfield>
    <subfield code="u">https://www-emerald-com.hub.tbs-education.fr/ijrdm/article/32/8/412/241157/The-Burberry-business-model-creating-an</subfield>
    <subfield code="w">2025-09-10</subfield>
    <subfield code="y">18</subfield>
    <subfield code="z">International Journal of Retail &amp; Distribution Management (2004) 32 (8): 412&#x2013;422.</subfield>
  </datafield>
  <datafield tag="999" ind1=" " ind2=" ">
    <subfield code="c">4931</subfield>
    <subfield code="d">4931</subfield>
  </datafield>
</record>
